| 000 | 00821cab a2200265 4500 | ||
|---|---|---|---|
| 001 | ABS55421 | ||
| 008 | 090401t1996 xxu||||| |||| 00| 0 eng d | ||
| 035 | _a(Sirsi) u16314 | ||
| 041 | _aeng | ||
| 100 | _aCrossley-Smith, T. | ||
| 245 | _aRight basis is vital for valuer | ||
| 260 | _c1996 | ||
| 350 | _a0 | ||
| 490 |
_aProperty Week _v55(13) 28 June 1996, 27(1) |
||
| 520 | _aConsiders how PS4 of the RICS "Appraisal and valuation manual" assists valuers in choosing the most appropiate basis for carrying out a valuation. | ||
| 650 | _aESTIMATED REALISATION PRICE | ||
| 650 | _aNEW RED BOOK | ||
| 650 | _aOPEN MARKET VALUE | ||
| 650 | _aPRACTICE STATEMENT 4 | ||
| 650 | _aPS4 | ||
| 650 | _aRICS APPRAISAL AND VALUATION MANUAL | ||
| 690 | _aRATING AND VALUATION | ||
| 942 | _n0 | ||
| 948 | _c04/03/1997 | ||
| 999 |
_c10726 _d10726 |
||